000 00407nam a2200169Ia 4500
008 230917s9999||||xx |||||||||||||| ||und||
020 _cPON6.95
040 _e25101
_aMAIN
041 _aEnglish
082 _a301.045 F367D
100 _aFenbton
245 0 _aDurkheim and modern sociology
250 _aIst ed.
260 _aLondon
_bCambridge University Press
_c1984
300 _a276 p.
942 _cBK
999 _c43453
_d43453